02696nam a2200277 u 4500001000800000005001700008007001000025008004100035035001200076040001300088041000800101080000800109100003900117245018600156260004300342300001700385520181200402650001602214650001002230650001602240650001102256700004902267856008202316502001202398526000802410139550720240129080624.0cr|||||||150114s2014 spa  a1395507 ccomduadb aspa aPQU10aPérez Torres, Carolina4auteaut10aOptimización de las condiciones de operación de la planta de recuperación de cromo y análisis de los factores influyente en el agotamiento del cromo en el proceso de curtido aMedellín :b[sin publicador],c2014. a51 páginas3 aEl presente trabajo desarrolla la metodología llevada a cabo para la caracterización de los 11 fulones de la sección de curtido de la Empresa Curtimbres de Itagüí S.A. para predecir la cantidad de cromo trivalente remanente en los baños agotados. Además enlista los ensayos realizados que permitieron sugerir mejoras en algunas de las variables o condiciones de operación en la planta de recuperación de cromo. La metodología incluyó toma de muestras de la descarga final de cada uno de los fulones del curtido, teniendo en cuenta el tipo de cuero procesado y se analizaron aspectos como temperatura y pH final del baño, para asociarlos con el porcentaje encontrado de óxido de cromo (III). Así mismo se compararon los resultados obtenidos al emplear diferentes agentes basificantes para la obtención del Cr(OH)3 en la planta de recuperación de cromo y definir así el mejor insumo, teniendo en cuenta aspectos económicos, características de la torta formada y porcentaje de recuperación. Los resultados obtenidos permitieron concluir que existe una influencia directamente proporcional entre la temperatura y el porcentaje de cromo en los baños agotados en el curtido para la mayoría de los fulones, además se encontró que la cantidad de Cr2O3 residual también está ligado al efecto mecánico de cada uno de los bombos y a la carga procesada. En cuanto a la planta de recuperación de cromo, se pudo establecer una relación directamente proporcional, en la mayoría de los casos, entre pH final registrado en el sistema y los kilogramos de óxido de magnesio adicionados y se analizaron las múltiples variables que afectan la recuperación de esta especie, permitiendo efectuar algunas sugerencias para la mejora en el proceso de recuperación. aCurtiembres aCromo aTemperatura aCargas10aMatallana Pérez, Luis Gerónimo4thseths4 uhttps://drive.google.com/file/d/0BwecnWVz7HZoeWxscFV2U21Vckk/view?usp=sharing b178c17 a180